Metallische Lotwerkstoffe : Arten-Eigenschaften-Verwendung /

Salvato in:
Dettagli Bibliografici
Autore principale: Müller, Wolfgang (Autore)
Natura: Libro
Lingua:tedesco
Pubblicazione: Leipzig : DVG, 1990
Soggetti:
Tags: Aggiungi Tag
Nessun Tag, puoi essere il primo ad aggiungerne!!

MARC

LEADER 00000nam a22000003a 4500
001 stu44648
005 20150617225718.4
008 950517s1990----gw------------------ger-d
020 |a 3-342-00530-0 
040 |a STU  |b slo 
041 0 |a ger 
044 |a gw 
080 |a 621.791.033 
100 1 |a Müller, Wolfgang  |4 aut 
245 1 |a Metallische Lotwerkstoffe :  |b Arten-Eigenschaften-Verwendung /  |c [aut.]Wolfgang Müller 
260 |a Leipzig :  |b DVG,  |c 1990 
300 |a 184 s 
650 7 |a spájkovanie  |2 stusub 
650 7 |a Spájkovačky  |2 stusub 
996 |b 284M025932  |c M*9152-1  |l MMKN  |s A  |a 24  |w stu44648_0001